000 01216pam a2200349 a 4500
001 3975
003 FISKH
005 20240529081847.0
008 860924s1987 nyua j 000 1 eng
010 _a 86025761
020 _a0688071554
020 _a0688071562 (lib. bdg.)
040 _aDLC
_cDLC
_dDLC
_beng
042 _alcac
050 0 0 _aPZ7.H389
_bSh 1987
082 0 0 _2810
100 1 _aHenkes, Kevin
245 1 0 _aSheila Rae, the brave /
_cby Kevin Henkes
250 _aFirst Edition
260 _aNew York :
_bGreenwillow Books,
_c1987
300 _a32 unnumbered pages :
_bcolor illustrations ;
_c26 cm
520 _aWhen brave Sheila Rae, who usually looks out for her sister Louise, becomes lost and scared one day, Louise comes to the rescue.
521 8 _a500
_bLexile
521 8 _aH
_bRaz-Plus
650 1 _aSisters
_xFiction.
650 1 _aCourage
_xFiction.
650 1 _aMice
_xFiction.
856 4 2 _3Publisher description
_uhttp://www.loc.gov/catdir/description/hc044/86025761.html
856 4 2 _3Contributor biographical information
_uhttp://www.loc.gov/catdir/enhancements/fy0912/86025761-b.html
906 _a7
_bcbc
_corignew
_d1
_eocip
_f19
_gy-gencatlg
942 _2ddc
_cBK
_n0
999 _c3975
_d3975